[Event "94th FRA-ch Women 2019"]
[Site "Chartres"]
[Date "2019.08.22"]
[Round "6.4"]
[White "Leconte, Maria"]
[Black "Monpeurt, Cyrielle"]
[Result "1-0"]
[WhiteElo "2252"]
[BlackElo "2171"]
[Annotator "NA"]
[PlyCount "111"]
[EventDate "2019.08.17"]
[EventType "tourn"]
[EventCountry "FRA"]
[SourceTitle "playchess.com"]
[Source "ChessBase"]
[SourceQuality "1"]
[TimeControl "40/5400+30:1800+30"]

1. e4 {[%emt 0:00:00]} e5 {[%emt 0:00:00]} 2. Nf3 {[%emt 0:00:00]} Nc6 {[%emt 0:00:00]} 3. Bb5 {[%emt 0:00:00]} a6 {[%emt 0:00:07]} 4. Ba4 {[%emt 0:00:00]} Nf6 {[%emt 0:00:14]} 5. d3 {[%emt 0:00:02]} b5 {[%emt 0:02:27]} 6. Bb3 {[%emt 0:00:08]} Be7 {[%emt 0:00:05]} 7. Nc3 {[%emt 0:02:14]} d6 {[%emt 0:01:37]} 8. a3 {[%emt 0:04:31]} Na5 {[%emt 0:04:41]} 9. Ba2 {[%emt 0:01:26]} c5 {[%emt 0:01:55]} 10. Nd5 {[%emt 0:03:38]} Nxd5 {[%emt 0:00:39]} 11. Bxd5 {[%emt 0:00:59]} Bb7 {[%emt 0:03:53]} 12. b4 {[%emt 0:02:33]} Bxd5 {[%emt 0:02:26]} 13. exd5 {[%emt 0:00:09]} Nb7 {[%emt 0:00:06]} 14. O-O {[%emt 0:17:20]} O-O {[%emt 0:02:58]} 15. c3 {[%emt 0:02:32]} Bf6 {[%emt 0:07:51]} 16. Nd2 {[%emt 0:28:22]} Bg5 {[%emt 0:03:28]} 17. Ne4 {[%emt 0:00:16]} Bxc1 {[%emt 0:00:09]} 18. Qxc1 {[%emt 0:00:05]} Rc8 {[%emt 0:11:27]} 19. f4 {[%emt 0:00:41]} f6 {[%emt 0:06:51]} 20. Qd2 {[%emt 0:03:57]} Qd7 {[%emt 0:05:58]} 21. Rac1 {[%emt 0:09:13]} Rc7 {[%emt 0:02:34]} 22. c4 {[%emt 0:01:34]} Rfc8 {[%emt 0:01:12]} 23. fxe5 {[%emt 0:02:00]} fxe5 {[%emt 0:06:30]} 24. Ng5 {[%emt 0:01:08]} Qg4 {[%emt 0:04:54]} 25. Ne6 {[%emt 0:00:51]} Re7 {[%emt 0:00:08]} 26. Qf2 {[%emt 0:03:08]} h6 {[%emt 0:00:04]} 27. h3 {[%emt 0:02:58]} Qg6 {[%emt 0:00:05]} 28. Qh4 {[%emt 0:00:38]} Rxe6 {[%emt 0:03:23]} 29. dxe6 {[%emt 0:00:17]} Qxe6 {[%emt 0:00:08]} 30. Qe4 {[%emt 0:00:37]} Nd8 {[%emt 0:00:51]} 31. cxb5 {[%emt 0:01:27]} axb5 {[%emt 0:01:17]} 32. bxc5 {[%emt 0:01:29]} dxc5 {[%emt 0:00:13]} 33. d4 {[%emt 0:02:36]} exd4 {[%emt 0:00:55]} 34. Qd3 {[%emt 0:01:02]} Qd7 {[%emt 0:04:26]} 35. Rce1 {[%emt 0:01:03]} Nf7 {[%emt 0:00:55]} 36. Re4 {[%emt 0:02:23]} Re8 {[%emt 0:04:19]} 37. Rf5 {[%emt 0:01:31]} Rxe4 {[%emt 0:10:52]} 38. Qxe4 {[%emt 0:00:05]} Ng5 {[%emt 0:00:02]} 39. Qa8+ {[%emt 0:04:21]} Kh7 {[%emt 0:00:04]} 40. Rxc5 {[%emt 0:00:51]} Qe7 {[%emt 0:00:47]} 41. Qd5 {[%emt 0:04:34]} Ne4 {[%emt 0:26:54]} 42. Rc6 {[%emt 0:01:22]} Ng3 {[%emt 0:02:12]} 43. Qe6 {[%emt 0:05:26]} Qg5 {[%emt 0:03:02]} 44. h4 {[%emt 0:03:49]} Qh5 {[%emt 0:00:06]} 45. Kf2 {[%emt 0:09:21]} Nh1+ {[%emt 0:02:07]} 46. Ke1 {[%emt 0:00:28]} Qxh4+ {[%emt 0:00:11]} 47. Kd2 {[%emt 0:00:47]} Qg5+ {[%emt 0:00:30]} 48. Kd3 {[%emt 0:00:53]} Ng3 {[%emt 0:01:39]} 49. Kxd4 {[%emt 0:02:39]} Nf5+ {[%emt 0:02:35]} 50. Kd3 {[%emt 0:01:53]} Qg3+ {[%emt 0:00:31]} 51. Ke4 {[%emt 0:00:36]} Qg4+ {[%emt 0:00:21]} 52. Ke5 {[%emt 0:00:38]} Qe2+ {[%emt 0:04:17]} 53. Kxf5 {[%emt 0:00:08]} Qf2+ {[%emt 0:00:07]} 54. Ke5 {[%emt 0:00:40]} Qg3+ {[%emt 0:00:44]} 55. Kd5 {[%emt 0:00:26]} Qxg2+ {[%emt 0:00:42]} 56. Qe4+ {[%emt 0:00:07]} 1-0

[Event "94th FRA-ch Women 2019"]
[Site "Chartres"]
[Date "2019.08.22"]
[Round "6.5"]
[White "Maisuradze, Nino"]
[Black "Broly, Mathilde"]
[Result "1-0"]
[WhiteElo "2203"]
[BlackElo "2177"]
[Annotator "NA"]
[PlyCount "85"]
[EventDate "2019.08.17"]
[EventType "tourn"]
[EventCountry "FRA"]
[SourceTitle "playchess.com"]
[Source "ChessBase"]
[SourceQuality "1"]
[TimeControl "40/5400+30:1800+30"]

1. c4 {[%emt 0:00:00]} Nf6 {[%emt 0:00:05]} 2. Nc3 {[%emt 0:00:00]} d5 {[%emt 0:02:13]} 3. cxd5 {[%emt 0:00:16]} Nxd5 {[%emt 0:00:21]} 4. g3 {[%emt 0:00:30]} Nb6 {[%emt 0:09:19]} 5. Bg2 {[%emt 0:01:22]} g6 {[%emt 0:00:40]} 6. Nf3 {[%emt 0:01:01]} Bg7 {[%emt 0:02:43]} 7. O-O {[%emt 0:01:15]} O-O {[%emt 0:08:24]} 8. d3 {[%emt 0:03:06]} c6 {[%emt 0:07:59]} 9. Qc2 {[%emt 0:04:47]} a5 {[%emt 0:07:02]} 10. Rb1 {[%emt 0:15:09]} Na6 {[%emt 0:04:57]} 11. a3 {[%emt 0:01:04]} Nc7 {[%emt 0:01:05]} 12. b3 {[%emt 0:15:00]} e5 {[%emt 0:12:42]} 13. Bb2 {[%emt 0:14:37]} f5 {[%emt 0:08:13]} 14. b4 {[%emt 0:04:02]} a4 {[%emt 0:04:28]} 15. Bc1 {[%emt 0:04:29]} Ncd5 {[%emt 0:07:47]} 16. Bd2 {[%emt 0:03:25]} h6 {[%emt 0:04:55]} 17. b5 {[%emt 0:01:20]} Qf6 {[%emt 0:01:04]} 18. bxc6 {[%emt 0:01:34]} bxc6 {[%emt 0:01:51]} 19. Nxd5 {[%emt 0:08:52]} Nxd5 {[%emt 0:00:28]} 20. Bb4 {[%emt 0:07:36]} Re8 {[%emt 0:01:06]} 21. Nd2 {[%emt 0:00:13]} Kh7 {[%emt 0:07:48]} 22. Bc5 {[%emt 0:03:11]} Ba6 {[%emt 0:01:13]} 23. Rfe1 {[%emt 0:05:23]} e4 {[%emt 0:03:16]} 24. dxe4 {[%emt 0:00:03]} Nc3 {[%emt 0:00:14]} 25. Rb4 {[%emt 0:02:30]} Nxe2+ {[%emt 0:00:46]} 26. Rxe2 {[%emt 0:01:28]} Bxe2 {[%emt 0:00:12]} 27. Bd4 {[%emt 0:00:05]} Qf7 {[%emt 0:01:18]} 28. Bxg7 {[%emt 0:00:14]} Qxg7 {[%emt 0:00:36]} 29. exf5 {[%emt 0:00:14]} Rad8 {[%emt 0:00:45]} 30. fxg6+ {[%emt 0:01:02]} Kh8 {[%emt 0:00:06]} 31. h4 {[%emt 0:01:04]} Qa1+ {[%emt 0:01:04]} 32. Kh2 {[%emt 0:00:16]} Qf6 {[%emt 0:00:10]} 33. Rf4 {[%emt 0:00:14]} Qe5 {[%emt 0:00:22]} 34. Qxc6 {[%emt 0:00:43]} Rxd2 {[%emt 0:00:19]} 35. Re4 {[%emt 0:00:09]} Bb5 {[%emt 0:00:35]} 36. g7+ {[%emt 0:00:48]} Kg8 {[%emt 0:00:47]} 37. Qxh6 {[%emt 0:00:12]} Qxg7 {[%emt 0:00:49]} 38. Qxd2 {[%emt 0:00:54]} Rxe4 {[%emt 0:00:40]} 39. Bxe4 {[%emt 0:00:04]} Bd7 {[%emt 0:00:12]} 40. Bd5+ {[%emt 0:00:48]} Kf8 {[%emt 0:00:50]} 41. Qf4+ {[%emt 0:01:06]} Ke8 {[%emt 0:07:10]} 42. h5 {[%emt 0:01:48]} Qh7 {[%emt 0:00:16]} 43. Qe4+ {[%emt 0:00:16]} 1-0

[Event "94th FRA-ch Women 2019"]
[Site "Chartres"]
[Date "2019.08.23"]
[Round "7.1"]
[White "Thomas, Anysia"]
[Black "Navrotescu, Andreea-Cristiana"]
[Result "0-1"]
[WhiteElo "2158"]
[BlackElo "2210"]
[Annotator "NA"]
[PlyCount "94"]
[EventDate "2019.08.17"]
[EventType "tourn"]
[EventCountry "FRA"]
[SourceTitle "playchess.com"]
[Source "ChessBase"]
[SourceQuality "1"]
[TimeControl "40/5400+30:1800+30"]

1. d4 {[%emt 0:00:00]} Nf6 {[%emt 0:00:00]} 2. c4 {[%emt 0:00:00]} e6 {[%emt 0:00:00]} 3. g3 {[%emt 0:00:00]} d5 {[%emt 0:00:00]} 4. Nf3 {[%emt 0:00:00]} Bb4+ {[%emt 0:00:00]} 5. Bd2 {[%emt 0:00:01]} Bd6 {[%emt 0:00:00]} 6. Bg2 {[%emt 0:00:43]} c6 {[%emt 0:00:07]} 7. Qc2 {[%emt 0:01:10]} O-O {[%emt 0:00:27]} 8. O-O {[%emt 0:00:25]} Nbd7 {[%emt 0:00:58]} 9. Bc3 {[%emt 0:06:35]} Ne4 {[%emt 0:03:40]} 10. Nfd2 {[%emt 0:03:48]} f5 {[%emt 0:05:49]} 11. Nxe4 {[%emt 0:07:04]} fxe4 {[%emt 0:06:25]} 12. f3 {[%emt 0:01:20]} exf3 {[%emt 0:03:53]} 13. Rxf3 {[%emt 0:02:07]} Rxf3 {[%emt 0:01:53]} 14. Bxf3 {[%emt 0:00:06]} dxc4 {[%emt 0:04:50]} 15. Nd2 {[%emt 0:04:53]} Nb6 {[%emt 0:00:27]} 16. Be4 {[%emt 0:07:08]} h6 {[%emt 0:01:18]} 17. Rf1 {[%emt 0:07:30]} Bd7 {[%emt 0:06:18]} 18. Bh7+ {[%emt 0:10:14]} Kh8 {[%emt 0:00:01]} 19. Ne4 {[%emt 0:00:39]} Be8 {[%emt 0:08:00]} 20. Nxd6 {[%emt 0:16:30]} Qxd6 {[%emt 0:00:24]} 21. Be4 {[%emt 0:08:42]} Bh5 {[%emt 0:11:23]} 22. e3 {[%emt 0:01:36]} Rf8 {[%emt 0:01:23]} 23. Rxf8+ {[%emt 0:04:24]} Qxf8 {[%emt 0:00:13]} 24. Ba5 {[%emt 0:02:08]} Nd5 {[%emt 0:03:00]} 25. Bd2 {[%emt 0:04:14]} Be2 {[%emt 0:03:46]} 26. Qc1 {[%emt 0:02:16]} Nf6 {[%emt 0:00:42]} 27. Bg2 {[%emt 0:00:17]} Bd3 {[%emt 0:01:26]} 28. Qe1 {[%emt 0:00:59]} Be4 {[%emt 0:00:45]} 29. Bb4 {[%emt 0:01:08]} Qf7 {[%emt 0:00:52]} 30. Qf1 {[%emt 0:04:48]} Bxg2 {[%emt 0:00:25]} 31. Kxg2 {[%emt 0:00:03]} b5 {[%emt 0:00:22]} 32. Bd6 {[%emt 0:00:34]} Kg8 {[%emt 0:00:50]} 33. Bf4 {[%emt 0:02:18]} Qg6 {[%emt 0:01:45]} 34. Kg1 {[%emt 0:00:49]} Qf5 {[%emt 0:03:46]} 35. Qe1 {[%emt 0:02:01]} Qc2 {[%emt 0:01:02]} 36. Qf2 {[%emt 0:00:45]} Qb1+ {[%emt 0:02:11]} 37. Kg2 {[%emt 0:00:06]} Qxa2 {[%emt 0:00:13]} 38. Bd6 {[%emt 0:00:33]} Qb1 {[%emt 0:00:19]} 39. Ba3 {[%emt 0:01:01]} Qe4+ {[%emt 0:00:34]} 40. Kg1 {[%emt 0:00:10]} Ng4 {[%emt 0:00:34]} 41. Qf4 {[%emt 0:08:41]} Qxe3+ {[%emt 0:00:09]} 42. Qxe3 {[%emt 0:00:03]} Nxe3 {[%emt 0:00:01]} 43. Kf2 {[%emt 0:00:35]} Nd5 {[%emt 0:00:02]} 44. Bc5 {[%emt 0:00:07]} a5 {[%emt 0:00:09]} 45. Kf3 {[%emt 0:00:42]} b4 {[%emt 0:00:18]} 46. Ke4 {[%emt 0:00:20]} a4 {[%emt 0:00:06]} 47. Ke5 {[%emt 0:01:35]} a3 {[%emt 0:00:26]} 0-1

[Event "94th FRA-ch Women 2019"]
[Site "Chartres"]
[Date "2019.08.23"]
[Round "7.2"]
[White "Milliet, Sophie"]
[Black "Maisuradze, Nino"]
[Result "1-0"]
[WhiteElo "2397"]
[BlackElo "2203"]
[Annotator "NA"]
[PlyCount "163"]
[EventDate "2019.08.17"]
[EventType "tourn"]
[EventCountry "FRA"]
[SourceTitle "playchess.com"]
[Source "ChessBase"]
[SourceQuality "1"]
[TimeControl "40/5400+30:1800+30"]

1. e4 {[%emt 0:00:00]} c5 {[%emt 0:00:46]} 2. Nf3 {[%emt 0:00:00]} Nc6 {[%emt 0:00:25]} 3. Bb5 {[%emt 0:00:00]} Nf6 {[%emt 0:01:38]} 4. Bxc6 {[%emt 0:00:02]} dxc6 {[%emt 0:00:17]} 5. d3 {[%emt 0:00:06]} Bg4 {[%emt 0:00:07]} 6. h3 {[%emt 0:00:04]} Bh5 {[%emt 0:00:03]} 7. b3 {[%emt 0:00:28]} Nd7 {[%emt 0:01:02]} 8. Bb2 {[%emt 0:00:15]} Qc7 {[%emt 0:00:15]} 9. Nbd2 {[%emt 0:00:41]} e5 {[%emt 0:04:10]} 10. g4 {[%emt 0:00:07]} Bg6 {[%emt 0:00:02]} 11. Nh4 {[%emt 0:00:08]} f6 {[%emt 0:04:00]} 12. Nxg6 {[%emt 0:00:11]} hxg6 {[%emt 0:00:30]} 13. g5 {[%emt 0:00:30]} Bd6 {[%emt 0:15:48]} 14. Qg4 {[%emt 0:09:27]} Nf8 {[%emt 0:04:29]} 15. O-O-O {[%emt 0:01:39]} Qd7 {[%emt 0:00:30]} 16. Nc4 {[%emt 0:00:30]} b5 {[%emt 0:00:30]} 17. Nxd6+ {[%emt 0:00:30]} Qxd6 {[%emt 0:00:30]} 18. f4 {[%emt 0:00:30]} exf4 {[%emt 0:00:30]} 19. gxf6 {[%emt 0:00:30]} gxf6 {[%emt 0:00:30]} 20. e5 {[%emt 0:00:30]} Qe6 {[%emt 0:00:30]} 21. Qxf4 {[%emt 0:00:30]} f5 {[%emt 0:00:30]} 22. Kb1 {[%emt 0:00:30]} O-O-O {[%emt 0:42:58]} 23. Qe3 {[%emt 0:47:25]} Qe7 {[%emt 0:03:34]} 24. Rhg1 {[%emt 0:04:05]} Rg8 {[%emt 0:01:05]} 25. Qf3 {[%emt 0:03:35]} Kb7 {[%emt 0:04:20]} 26. c4 {[%emt 0:03:05]} bxc4 {[%emt 0:00:45]} 27. dxc4 {[%emt 0:00:09]} Ne6 {[%emt 0:02:41]} 28. Rxd8 {[%emt 0:00:26]} Nxd8 {[%emt 0:06:10]} 29. Rd1 {[%emt 0:00:34]} Nf7 {[%emt 0:00:31]} 30. Qf2 {[%emt 0:05:25]} Rd8 {[%emt 0:04:29]} 31. Rg1 {[%emt 0:07:42]} Rg8 {[%emt 0:00:11]} 32. h4 {[%emt 0:16:26]} Nh6 {[%emt 0:01:31]} 33. Qd2 {[%emt 0:00:00]} Ng4 {[%emt 0:00:29]} 34. Rd1 {[%emt 0:01:00]} Re8 {[%emt 0:00:25]} 35. a3 {[%emt 0:00:00]} Kb6 {[%emt 0:00:10]} 36. Ka1 {[%emt 0:00:00]} Qxh4 {[%emt 0:00:29]} 37. b4 {[%emt 0:00:00]} Nxe5 {[%emt 0:00:31]} 38. Qe3 {[%emt 0:00:00]} Qxc4 {[%emt 0:00:56]} 39. Bxe5 {[%emt 0:00:00]} Kb5 {[%emt 0:00:39]} 40. bxc5 {[%emt 0:00:08]} Ka6 {[%emt 0:00:28]} 41. Rb1 {[%emt 0:10:39]} Qe4 {[%emt 0:08:54]} 42. Qxe4 {[%emt 0:00:33]} fxe4 {[%emt 0:00:00]} 43. Bd4 {[%emt 0:00:52]} e3 {[%emt 0:00:43]} 44. Re1 {[%emt 0:01:22]} e2 {[%emt 0:00:05]} 45. Kb2 {[%emt 0:00:08]} Kb5 {[%emt 0:02:22]} 46. Kc3 {[%emt 0:01:38]} Ka4 {[%emt 0:00:46]} 47. Kd3 {[%emt 0:00:08]} Re7 {[%emt 0:10:10]} 48. Be3 {[%emt 0:00:39]} Kxa3 {[%emt 0:01:11]} 49. Rxe2 {[%emt 0:00:37]} Kb3 {[%emt 0:04:20]} 50. Rg2 {[%emt 0:00:45]} Ka4 {[%emt 0:02:09]} 51. Rxg6 {[%emt 0:00:31]} Kb5 {[%emt 0:00:07]} 52. Rg1 {[%emt 0:00:46]} Ka6 {[%emt 0:01:09]} 53. Rb1 {[%emt 0:01:24]} Re8 {[%emt 0:02:47]} 54. Bd4 {[%emt 0:00:17]} Rd8 {[%emt 0:02:00]} 55. Rg1 {[%emt 0:00:29]} Rc8 {[%emt 0:00:45]} 56. Rg7 {[%emt 0:00:17]} Ra8 {[%emt 0:00:33]} 57. Kc4 {[%emt 0:02:40]} Re8 {[%emt 0:00:32]} 58. Rc7 {[%emt 0:01:12]} Re6 {[%emt 0:00:02]} 59. Kd3 {[%emt 0:00:39]} Rh6 {[%emt 0:00:49]} 60. Ke4 {[%emt 0:00:29]} Rh4+ {[%emt 0:00:11]} 61. Kd3 {[%emt 0:02:08]} Rh6 {[%emt 0:00:08]} 62. Rd7 {[%emt 0:00:17]} Rg6 {[%emt 0:00:44]} 63. Ke4 {[%emt 0:01:39]} Rh6 {[%emt 0:00:53]} 64. Ke5 {[%emt 0:00:47]} Rh5+ {[%emt 0:00:26]} 65. Kf6 {[%emt 0:02:27]} Rh4 {[%emt 0:00:34]} 66. Kg5 {[%emt 0:01:20]} Re4 {[%emt 0:00:21]} 67. Kf5 {[%emt 0:00:29]} Rh4 {[%emt 0:00:10]} 68. Be3 {[%emt 0:00:42]} Rh3 {[%emt 0:00:44]} 69. Ke4 {[%emt 0:00:08]} Rh4+ {[%emt 0:00:36]} 70. Kd3 {[%emt 0:00:03]} Rg4 {[%emt 0:00:36]} 71. Rh7 {[%emt 0:01:57]} Rg8 {[%emt 0:00:22]} 72. Bf4 {[%emt 0:02:08]} Rc8 {[%emt 0:00:51]} 73. Bd6 {[%emt 0:01:30]} Ra8 {[%emt 0:00:20]} 74. Kc4 {[%emt 0:00:36]} Rg8 {[%emt 0:00:39]} 75. Rc7 {[%emt 0:00:20]} Rg4+ {[%emt 0:00:12]} 76. Kd3 {[%emt 0:00:17]} Kb5 {[%emt 0:00:51]} 77. Rxa7 {[%emt 0:00:14]} Rh4 {[%emt 0:00:11]} 78. Rb7+ {[%emt 0:00:09]} Ka5 {[%emt 0:00:17]} 79. Rb6 {[%emt 0:00:39]} Rh3+ {[%emt 0:00:10]} 80. Ke4 {[%emt 0:01:01]} Rh4+ {[%emt 0:00:44]} 81. Ke5 {[%emt 0:00:47]} Rh5+ {[%emt 0:01:07]} 82. Ke4 {[%emt 0:08:09]} 1-0

[Event "94th FRA-ch Women 2019"]
[Site "Chartres"]
[Date "2019.08.23"]
[Round "7.3"]
[White "Guichard, Pauline"]
[Black "Richard, Emma"]
[Result "1-0"]
[WhiteElo "2405"]
[BlackElo "2104"]
[Annotator "NA"]
[PlyCount "91"]
[EventDate "2019.08.17"]
[EventType "tourn"]
[EventCountry "FRA"]
[SourceTitle "playchess.com"]
[Source "ChessBase"]
[SourceQuality "1"]
[TimeControl "40/5400+30:1800+30"]

1. d4 {[%emt 0:00:00]} Nf6 {[%emt 0:00:00]} 2. Bf4 {[%emt 0:00:00]} g6 {[%emt 0:00:37]} 3. Nc3 {[%emt 0:00:00]} Bg7 {[%emt 0:00:05]} 4. e4 {[%emt 0:00:21]} d6 {[%emt 0:02:41]} 5. Qd2 {[%emt 0:01:05]} c6 {[%emt 0:01:59]} 6. Bh6 {[%emt 0:01:41]} O-O {[%emt 0:04:55]} 7. O-O-O {[%emt 0:03:37]} b5 {[%emt 0:01:28]} 8. Bd3 {[%emt 0:06:35]} b4 {[%emt 0:12:27]} 9. Nce2 {[%emt 0:00:12]} Bxh6 {[%emt 0:09:01]} 10. Qxh6 {[%emt 0:00:33]} Ng4 {[%emt 0:00:30]} 11. Qf4 {[%emt 0:16:09]} e5 {[%emt 0:11:43]} 12. Qg3 {[%emt 0:02:06]} Qa5 {[%emt 0:06:28]} 13. Kb1 {[%emt 0:03:31]} exd4 {[%emt 0:05:51]} 14. Nxd4 {[%emt 0:02:50]} Qe5 {[%emt 0:00:51]} 15. Nh3 {[%emt 0:18:39]} Qxd4 {[%emt 0:02:43]} 16. Ba6 {[%emt 0:01:12]} Qe5 {[%emt 0:00:23]} 17. f4 {[%emt 0:00:10]} Qe8 {[%emt 0:00:39]} 18. Bxc8 {[%emt 0:03:58]} Qxc8 {[%emt 0:00:04]} 19. f5 {[%emt 0:00:26]} Nf6 {[%emt 0:04:28]} 20. Qh4 {[%emt 0:08:47]} Nxe4 {[%emt 0:12:08]} 21. fxg6 {[%emt 0:05:46]} fxg6 {[%emt 0:01:15]} 22. Qxe4 {[%emt 0:00:06]} d5 {[%emt 0:00:40]} 23. Qxb4 {[%emt 0:03:17]} a5 {[%emt 0:01:03]} 24. Qh4 {[%emt 0:00:52]} Na6 {[%emt 0:10:25]} 25. Rhe1 {[%emt 0:02:41]} Ra7 {[%emt 0:00:35]} 26. Ng5 {[%emt 0:02:01]} Rb7 {[%emt 0:07:48]} 27. a3 {[%emt 0:06:23]} Qf5 {[%emt 0:01:59]} 28. Rf1 {[%emt 0:04:50]} Qe5 {[%emt 0:00:30]} 29. Rxf8+ {[%emt 0:00:30]} Kxf8 {[%emt 0:00:09]} 30. b3 {[%emt 0:03:24]} Kg8 {[%emt 0:00:52]} 31. Re1 {[%emt 0:02:15]} Qb8 {[%emt 0:00:03]} 32. Re3 {[%emt 0:00:39]} Nc5 {[%emt 0:00:22]} 33. Qe1 {[%emt 0:00:17]} Ne4 {[%emt 0:00:15]} 34. Nxe4 {[%emt 0:00:24]} dxe4 {[%emt 0:00:01]} 35. Rxe4 {[%emt 0:00:20]} Qxh2 {[%emt 0:01:18]} 36. Re8+ {[%emt 0:00:56]} Kg7 {[%emt 0:00:31]} 37. Qc3+ {[%emt 0:00:10]} Kh6 {[%emt 0:00:39]} 38. Re3 {[%emt 0:01:18]} Qg1+ {[%emt 0:00:47]} 39. Kb2 {[%emt 0:00:21]} Rb5 {[%emt 0:00:31]} 40. Qd2 {[%emt 0:01:04]} g5 {[%emt 0:00:42]} 41. Rh3+ {[%emt 0:30:30]} Kg6 {[%emt 0:03:22]} 42. Qd6+ {[%emt 0:00:00]} Kg7 {[%emt 0:00:54]} 43. Qe7+ {[%emt 0:00:00]} Kg6 {[%emt 0:00:30]} 44. Qxh7+ {[%emt 0:00:00]} Kf6 {[%emt 0:00:17]} 45. Rf3+ {[%emt 0:00:00]} Ke6 {[%emt 0:00:22]} 46. Qg6+ {[%emt 0:00:00]} 1-0

[Event "94th FRA-ch Women 2019"]
[Site "Chartres"]
[Date "2019.08.23"]
[Round "7.4"]
[White "Broly, Mathilde"]
[Black "Leconte, Maria"]
[Result "1/2-1/2"]
[WhiteElo "2177"]
[BlackElo "2252"]
[Annotator "NA"]
[PlyCount "38"]
[EventDate "2019.08.17"]
[EventType "tourn"]
[EventCountry "FRA"]
[SourceTitle "playchess.com"]
[Source "ChessBase"]
[SourceQuality "1"]
[TimeControl "40/5400+30:1800+30"]

1. c4 {[%emt 0:00:00]} e6 {[%emt 0:00:00]} 2. Nf3 {[%emt 0:04:05]} d5 {[%emt 0:00:40]} 3. e3 {[%emt 0:00:43]} c5 {[%emt 0:00:15]} 4. d4 {[%emt 0:02:36]} a6 {[%emt 0:01:01]} 5. b3 {[%emt 0:09:15]} Nf6 {[%emt 0:02:44]} 6. Nc3 {[%emt 0:03:46]} cxd4 {[%emt 0:05:03]} 7. exd4 {[%emt 0:03:07]} Bb4 {[%emt 0:03:12]} 8. Bd2 {[%emt 0:02:01]} Nc6 {[%emt 0:11:49]} 9. a3 {[%emt 0:06:23]} Be7 {[%emt 0:06:17]} 10. Be3 {[%emt 0:08:00]} Ne4 {[%emt 0:29:46]} 11. Nxe4 {[%emt 0:08:00]} dxe4 {[%emt 0:00:13]} 12. Ne5 {[%emt 0:02:37]} Nxe5 {[%emt 0:07:59]} 13. dxe5 {[%emt 0:00:07]} Qxd1+ {[%emt 0:03:35]} 14. Kxd1 {[%emt 0:00:50]} O-O {[%emt 0:00:05]} 15. Kc2 {[%emt 0:14:27]} Bd7 {[%emt 0:00:23]} 16. Be2 {[%emt 0:02:09]} Rfc8 {[%emt 0:02:21]} 17. Rhc1 {[%emt 0:02:45]} a5 {[%emt 0:07:38]} 18. Kd2 {[%emt 0:02:23]} f5 {[%emt 0:00:57]} 19. f4 {[%emt 0:04:24]} exf3 {[%emt 0:02:35]} 1/2-1/2

[Event "94th FRA-ch Women 2019"]
[Site "Chartres"]
[Date "2019.08.23"]
[Round "7.5"]
[White "Monpeurt, Cyrielle"]
[Black "Safranska, Anda"]
[Result "1/2-1/2"]
[WhiteElo "2171"]
[BlackElo "2128"]
[Annotator "NA"]
[PlyCount "85"]
[EventDate "2019.08.17"]
[EventType "tourn"]
[EventCountry "FRA"]
[SourceTitle "playchess.com"]
[Source "ChessBase"]
[SourceQuality "1"]
[TimeControl "40/5400+30:1800+30"]

1. e4 {[%emt 0:00:00]} g6 {[%emt 0:00:00]} 2. d4 {[%emt 0:00:00]} Bg7 {[%emt 0:00:00]} 3. Nc3 {[%emt 0:00:00]} d6 {[%emt 0:00:00]} 4. Be3 {[%emt 0:00:08]} a6 {[%emt 0:00:29]} 5. Qd2 {[%emt 0:00:22]} b5 {[%emt 0:00:16]} 6. h4 {[%emt 0:00:36]} h6 {[%emt 0:00:11]} 7. f3 {[%emt 0:00:59]} e6 {[%emt 0:02:00]} 8. O-O-O {[%emt 0:01:55]} Bb7 {[%emt 0:00:24]} 9. Nh3 {[%emt 0:02:11]} Ne7 {[%emt 0:02:50]} 10. g4 {[%emt 0:02:44]} Nd7 {[%emt 0:00:36]} 11. Kb1 {[%emt 0:05:51]} Nb6 {[%emt 0:01:35]} 12. Qf2 {[%emt 0:07:34]} b4 {[%emt 0:20:26]} 13. Ne2 {[%emt 0:00:15]} a5 {[%emt 0:02:06]} 14. Ng3 {[%emt 0:10:19]} Qd7 {[%emt 0:02:59]} 15. Bd3 {[%emt 0:03:37]} O-O-O {[%emt 0:02:12]} 16. Qe2 {[%emt 0:11:35]} Kb8 {[%emt 0:02:36]} 17. h5 {[%emt 0:12:41]} g5 {[%emt 0:05:14]} 18. Rhf1 {[%emt 0:01:32]} Rhf8 {[%emt 0:25:40]} 19. Rc1 {[%emt 0:10:43]} f5 {[%emt 0:02:01]} 20. exf5 {[%emt 0:08:44]} exf5 {[%emt 0:00:55]} 21. Nxf5 {[%emt 0:00:04]} Nxf5 {[%emt 0:00:06]} 22. Bxf5 {[%emt 0:00:03]} Rxf5 {[%emt 0:00:07]} 23. gxf5 {[%emt 0:00:13]} Qxf5 {[%emt 0:00:05]} 24. Ng1 {[%emt 0:04:18]} Re8 {[%emt 0:00:21]} 25. Qf2 {[%emt 0:02:50]} Nd5 {[%emt 0:07:40]} 26. Rce1 {[%emt 0:00:52]} Ba6 {[%emt 0:07:02]} 27. Bc1 {[%emt 0:00:50]} Rf8 {[%emt 0:00:08]} 28. Ne2 {[%emt 0:01:25]} Qf7 {[%emt 0:01:09]} 29. Qg1 {[%emt 0:02:55]} Qxh5 {[%emt 0:01:28]} 30. Ng3 {[%emt 0:00:44]} Qf7 {[%emt 0:03:32]} 31. Ne4 {[%emt 0:00:49]} Bxf1 {[%emt 0:00:26]} 32. Qxf1 {[%emt 0:00:17]} Qd7 {[%emt 0:00:34]} 33. Qa6 {[%emt 0:00:39]} Rxf3 {[%emt 0:02:35]} 34. Nd2 {[%emt 0:01:02]} Rf8 {[%emt 0:01:13]} 35. Nc4 {[%emt 0:00:19]} Qc8 {[%emt 0:03:36]} 36. Qxa5 {[%emt 0:00:11]} Qb7 {[%emt 0:00:23]} 37. Qa4 {[%emt 0:00:45]} Bxd4 {[%emt 0:03:02]} 38. Na5 {[%emt 0:00:21]} Qb6 {[%emt 0:00:17]} 39. Nc6+ {[%emt 0:02:56]} Kb7 {[%emt 0:00:07]} 40. Na5+ {[%emt 0:00:18]} Kb8 {[%emt 0:01:38]} 41. Nc6+ {[%emt 0:18:45]} Kb7 {[%emt 0:00:07]} 42. Na5+ {[%emt 0:00:12]} Kb8 {[%emt 0:00:09]} 43. Nc6+ {[%emt 0:18:56]} 1/2-1/2

[Event "94th FRA-ch Women 2019"]
[Site "Chartres"]
[Date "2019.08.24"]
[Round "8.1"]
[White "Monpeurt, Cyrielle"]
[Black "Broly, Mathilde"]
[Result "1/2-1/2"]
[WhiteElo "2171"]
[BlackElo "2177"]
[Annotator "NA"]
[PlyCount "56"]
[EventDate "2019.08.17"]
[EventType "tourn"]
[EventCountry "FRA"]
[SourceTitle "playchess.com"]
[Source "ChessBase"]
[SourceQuality "1"]
[TimeControl "40/5400+30:1800+30"]

1. e4 {[%emt 0:00:00]} e5 {[%emt 0:00:24]} 2. Nf3 {[%emt 1:31:00]} Nc6 {[%emt 0:00:46]} 3. d4 {[%emt 0:00:00]} exd4 {[%emt 0:03:46]} 4. Bc4 {[%emt 0:00:00]} Nf6 {[%emt 0:10:49]} 5. e5 {[%emt 0:00:00]} d5 {[%emt 0:00:49]} 6. Bb5 {[%emt 0:00:00]} Ne4 {[%emt 0:02:03]} 7. Nxd4 {[%emt 0:00:00]} Bd7 {[%emt 0:02:28]} 8. Bxc6 {[%emt 0:00:00]} bxc6 {[%emt 0:03:18]} 9. O-O {[%emt 0:00:00]} Bc5 {[%emt 0:07:00]} 10. Be3 {[%emt 0:00:00]} Bb6 {[%emt 0:05:51]} 11. f3 {[%emt 0:00:00]} Ng5 {[%emt 0:03:27]} 12. f4 {[%emt 0:00:00]} Ne6 {[%emt 0:06:06]} 13. c3 {[%emt 0:00:00]} c5 {[%emt 0:07:45]} 14. Nxe6 {[%emt 0:00:00]} Bxe6 {[%emt 0:02:28]} 15. f5 {[%emt 0:00:00]} Bc8 {[%emt 0:00:12]} 16. Qg4 {[%emt 0:00:00]} g6 {[%emt 0:04:04]} 17. e6 {[%emt 0:00:00]} fxe6 {[%emt 0:00:58]} 18. fxg6 {[%emt 0:00:00]} hxg6 {[%emt 0:01:03]} 19. Nd2 {[%emt 0:00:00]} Qh4 {[%emt 0:09:54]} 20. Qxg6+ {[%emt 0:00:00]} Kd7 {[%emt 0:00:07]} 21. Nf3 {[%emt 0:00:00]} Qh5 {[%emt 0:01:18]} 22. Qc2 {[%emt 0:00:00]} Bb7 {[%emt 0:03:16]} 23. Qa4+ {[%emt 0:00:00]} Bc6 {[%emt 0:03:13]} 24. Qf4 {[%emt 0:00:00]} Raf8 {[%emt 0:04:32]} 25. Ne5+ {[%emt 0:00:00]} Ke8 {[%emt 0:00:11]} 26. Qg3 {[%emt 0:00:00]} Rfg8 {[%emt 0:01:51]} 27. Qf4 {[%emt 0:00:00]} Rf8 {[%emt 0:07:18]} 28. Qg3 {[%emt 0:00:00]} Rfg8 {[%emt 0:01:51]} 1/2-1/2